00395nam a2200157Ia 450000500170000000800410001704000190005804100120007708200160008910000190010524500380012426000330016230000120019565000200020785000100022720230113104432.0131103s9999 xx 000 0 und d aLoreto College aEnglish a814.54bBAL aBaldwin, James 4aThe fire next timecJames Baldwin aLondonbMichael Josephc1963 a112 p.  aAmerican Essays aLCLIB